00507nam a22001697a 450000500170000001000150001702000260003203500130005803700130007108200180008410000130010224500440011526000420015927000720020130000240027350000400029720140910150258.0 aENG-110768 a9788183876629c550.00 aEN-94300 bDBAD/PUB a363.728095482 aMani, N. aSuppression of scavengers /cby N. Mani aNew DelhibSerials Publicationsc2014 a4830/24, Prahlad Street, Ansari Road, Darya GanjbNew Delhie110002 aix,142p. c23cm(Hb) aIncludes bibliographical references